00469nam a2200169Ia 4500003000900000008004100009020001600050040001600066080001300082100002000095245005000115260003300165300001500198500005500213650001900268650001200287IN-BaIIA211028s9999 xx 000 0 eng d a306-30489-9 cIIA Library a533bPOD aPodgornyi, I. M 0aTopics in plasma diagnosticscI. M. Podgornyi aNew YorkbPlenum Pressc1971 axiv, 214p. aTranslation of Lekt︠s︡ii po diagnostike plazmy aPlasma physics aPlasmas